00369 2200145 4500245005100000020002200051250000900073100001900082650001800101005001900119260005000138041001200188084000900200300001400209 aAdventures For Your SoulcKaiser ShannonhText a978-0-425-27823-9 a2015 aKaiser Shannon aFiksi Inggris a20240909091448 aNew YorkbPenerbit Penguin Random Housec2015 aEnglish aNONE a302 hlm :